Catálogo
 En Linea

Del socialismo al fascismo : (Registro nro. 13957)

Detalles MARC
000 -CABECERA
campo de control de longitud fija 00959cam a2200277 a 4500
001 - NÚMERO DE CONTROL
campo de control 000014365
005 - FECHA Y HORA DE LA ÚLTIMA TRANSACCIÓN
campo de control 20200929163606.0
008 - DATOS DE LONGITUD FIJA--INFORMACIÓN GENERAL
campo de control de longitud fija 970908s1996 pr ach 000 0 spa d
010 ## - NÚMERO DE CONTROL DE LA BIBLIOTECA DEL CONGRESO
Número de control de LC 97192290
035 ## - NÚMERO DE CONTROL DEL SISTEMA
Número de control de sistema (DLC) 97192290
035 ## - NÚMERO DE CONTROL DEL SISTEMA
Número de control de sistema (OCoLC)36222848
040 ## - FUENTE DE LA CATALOGACIÓN
Centro catalogador/agencia de origen DO-SdBNP
Lengua de catalogación spa
Centro/agencia modificador BNPHU
-- DLC
042 ## - CÓDIGO DE AUTENTICACIÓN
Código de autenticación lccopycat
082 ## - NÚMERO DE LA CLASIFICACIÓN DECIMAL DEWEY
Número de clasificación 320.531
Número de documento/Ítem F363d
049 ## - FONDOS LOCALES (OCLC)
Fondos de biblioteca BNGR
100 1# - ENTRADA PRINCIPAL--NOMBRE DE PERSONA
Nombre de persona Fernández Gonzáles, José,
Fechas asociadas al nombre 1943-
9 (RLIN) 32436
245 10 - MENCIÓN DE TÍTULO
Título Del socialismo al fascismo :
Resto del título un español dentro de la revolución cubana, 1980-1996 /
Mención de responsabilidad, etc. José Fernández González.
246 14 - FORMA VARIANTE DE TÍTULO
Título propio/Titulo breve Cuba :
Resto del título del socialismo al fascismo
260 ## - PUBLICACIÓN, DISTRIBUCIÓN, ETC.
Lugar de publicación, distribución, etc. [Puerto Rico] :
Nombre del editor, distribuidor, etc. First Book Publishing,
Fecha de publicación, distribución, etc. 1996.
300 ## - DESCRIPCIÓN FÍSICA
Extensión xxv, 276 p. :
Otras características físicas il., facsims., retrs. ;
Dimensiones 23 cm.
500 ## - NOTA GENERAL
Nota general Fotos y documentos inéditos.
650 #1 - PUNTO DE ACCESO ADICIONAL DE MATERIA--TÉRMINO DE MATERIA
Término de materia o nombre geográfico como elemento de entrada Socialismo en cuba
9 (RLIN) 32437
650 #1 - PUNTO DE ACCESO ADICIONAL DE MATERIA--TÉRMINO DE MATERIA
Término de materia o nombre geográfico como elemento de entrada Facismo
Subdivisión geográfica Cuba
9 (RLIN) 32438
651 #1 - PUNTO DE ACCESO ADICIONAL DE MATERIA--NOMBRE GEOGRÁFICO
Nombre geográfico Cuba
Subdivisión general Política Y Gobierno, 1959
9 (RLIN) 32439
910 ## - DATOS DE OPCIÓN DEL USUARIO (OCLC)
Datos de opción del usuario Catalogación por copia/LC
Existencias
Estado de retiro Estado de pérdida Restricciones de uso No para préstamo Código de colección Localización permanente Ubicación/localización actual Ubicación en estantería Fecha de adquisición Número de inventario Total de préstamos Signatura topográfica completa Código de barras Fecha visto por última vez Precio válido a partir de Tipo de ítem Koha
    Préstamo interno   Monografías: Libros y Folletos General General En catalogación 10.12.2009 LF1   320.531 F363d 14365-10 25.06.2020 25.06.2020 Préstamo interno

Con tecnología Koha